01559nam a2200349Ia 4500003000500000005001700005008004100022020003000063040002300093082001800116100007600134110002100210111003400231245009900265260005800364300005100422500032300473504004200796521001000838600006600848610002100914630003900935650002300974651001700997654002001014655002201034658002901056662002901085700004001114710002101154711003401175322820260422102544.0210817s9999 xx 000 0 und d a9781919 876078qPaperback aRDAbENGLISHc3228 a398.2096 AFRI a KASCHULA, Russell H. Claremont, South Africa, 2001 d2001.eeditor. aNew Africa books aBible Society of South Africa 0a African oral literature: bfunctions in contemporary contexts /ceditor. Russell H. Kaschula. aClaremont, South Africa : bNew Africa Books,c 2001. a xxvi, 285 pagesbColour illustrations:c25 cm a "The chapters in this collection derive from a conference held at the Centre for African Studies, University of Cape Town, in October 1998 ... It was also at this 3rd International Conference on Oral Literature in Africa that the International Society for Oral Literature in Africa (ISOLA) was inaugurated"--Page vii. a Includes bibliographical references. aAdult 0a KASCHULA, Russell H. Claremont, South Africa, 2001 d2001. 0aNew Africa books 0aAfrican language literature series 0aOral communication 0aSouth Africa aFolk literature 0aAdult Non-Fiction aSouth African literature aCape Town (South Africa) aRussell H. Kaschulad2001.eeditor. aNew Africa books aBible Society of South Africa